<?xml version="1.0" encoding="UTF-8"?>
<record
    xmlns:xsi="http://www.w3.org/2001/XMLSchema-instance"
    xsi:schemaLocation="http://www.loc.gov/MARC21/slim http://www.loc.gov/standards/marcxml/schema/MARC21slim.xsd"
    xmlns="http://www.loc.gov/MARC21/slim">

  <leader>01432nam a22002057a 4500</leader>
  <controlfield tag="003">OSt</controlfield>
  <controlfield tag="005">20260421090027.0</controlfield>
  <controlfield tag="008">260421b        |||||||| |||| 00| 0 SPA d</controlfield>
  <datafield tag="020" ind1=" " ind2=" ">
    <subfield code="a">9978862862</subfield>
  </datafield>
  <datafield tag="082" ind1=" " ind2=" ">
    <subfield code="2">9978862862</subfield>
  </datafield>
  <datafield tag="100" ind1=" " ind2=" ">
    <subfield code="a">Asamblea Nacional del Ecuador</subfield>
  </datafield>
  <datafield tag="245" ind1=" " ind2=" ">
    <subfield code="a"> C&#xF3;digo del Trabajo  legislaci&#xF3;n conexa, concordancias, jurisprudencia 2016</subfield>
  </datafield>
  <datafield tag="250" ind1=" " ind2=" ">
    <subfield code="a">18va edici&#xF3;n </subfield>
  </datafield>
  <datafield tag="260" ind1=" " ind2=" ">
    <subfield code="a">ECUADOR </subfield>
    <subfield code="b">Corporaci&#xF3;n de Estudios y Publicaciones</subfield>
    <subfield code="c">2016</subfield>
  </datafield>
  <datafield tag="300" ind1=" " ind2=" ">
    <subfield code="a">810 p&#xE1;g</subfield>
    <subfield code="c"> 20.5 cm x 14.5 cm</subfield>
  </datafield>
  <datafield tag="490" ind1=" " ind2=" ">
    <subfield code="3">Cartulina de alto gramaje</subfield>
  </datafield>
  <datafield tag="520" ind1=" " ind2=" ">
    <subfield code="a">Esta edici&#xF3;n compila el conjunto de normas que regulan el v&#xED;nculo jur&#xED;dico entre empleadores y trabajadores en Ecuador. Su prop&#xF3;sito principal es garantizar la protecci&#xF3;n de los derechos laborales y establecer las obligaciones de ambas partes para asegurar la justicia social. Al incluir concordancias y jurisprudencia, facilita a los abogados y estudiantes la interpretaci&#xF3;n t&#xE9;cnica de cada art&#xED;culo. Adem&#xE1;s, integra las reformas cr&#xED;ticas de 2016 sobre el seguro de desempleo y la optimizaci&#xF3;n de la jornada. Sirve como una gu&#xED;a pr&#xE1;ctica para resolver conflictos legales mediante criterios judiciales actualizados. En esencia, busca proporcionar seguridad jur&#xED;dica en el entorno productivo del pa&#xED;s. Finalmente, act&#xFA;a como el referente oficial para la consulta de leyes laborales conexas.</subfield>
  </datafield>
  <datafield tag="700" ind1=" " ind2=" ">
    <subfield code="a">Asamblea Nacional del Ecuador</subfield>
  </datafield>
  <datafield tag="942" ind1=" " ind2=" ">
    <subfield code="2">ddc</subfield>
    <subfield code="c">BKA</subfield>
    <subfield code="n">0</subfield>
  </datafield>
  <datafield tag="952" ind1=" " ind2=" ">
    <subfield code="0">0</subfield>
    <subfield code="1">0</subfield>
    <subfield code="2">ddc</subfield>
    <subfield code="4">0</subfield>
    <subfield code="7">0</subfield>
    <subfield code="8">D04</subfield>
    <subfield code="a">ISUS</subfield>
    <subfield code="b">ISUS</subfield>
    <subfield code="c">Biblioteca Abierta</subfield>
    <subfield code="d">2026-04-21</subfield>
    <subfield code="e">LEYES</subfield>
    <subfield code="f">0341</subfield>
    <subfield code="i">0341</subfield>
    <subfield code="l">0</subfield>
    <subfield code="o">LECTURA</subfield>
    <subfield code="p">BIBLIO0341</subfield>
    <subfield code="r">2026-04-21 09:01:50</subfield>
    <subfield code="t">1</subfield>
    <subfield code="w">2026-04-21</subfield>
    <subfield code="y">BKA</subfield>
  </datafield>
  <datafield tag="999" ind1=" " ind2=" ">
    <subfield code="c">2076</subfield>
    <subfield code="d">2076</subfield>
  </datafield>
</record>
